Statistics for Talia Mar Songs Quiz

Click here to take the quiz!

General Stats

  • This quiz has been taken 60 times
    (43 since last reset)
  • The average score is 10 of 14

Answer Stats

Album/EPSong% Correct
SingleDiamonds
97%
SingleBetter
91%
SingleJack
88%
SingleSelfish
88%
Tough Decisions20 Reasons
73%
FeaturedReal Name
70%
SingleStolen
70%
Tough DecisionsGet Gone
67%
Tough DecisionsSinging To No One
61%
Tough DecisionsSpotlight
58%
Tough DecisionsLast Song
55%
SingleIn the Day
52%
Tough DecisionsWork It Out
52%
FeaturedGet Back
33%

Score Distribution

Percentile by Number Answered

Percent of People with Each Score

Your Score History

You have not taken this quiz since the last reset